• 首页
  • 本馆介绍
  • 公告通知
  • 最新文献
  • 馆藏检索
  • 电子资源
  • 读者导购
  • 参考咨询
  • 我的图书馆
  • 登录
  • 详细信息显示
  • 放入我的书架
  • 预约/预借图书
  • 作者相关作品
  • 分类相关作品
  • 丛书相关作品
  • 出版社相关作品

书目信息

  • 表格格式
  • 工作单格式
  • 卡片格式
题名:
无机及分析化学
    
 
作者: 陈德余 , 张胜建 主编
分册:  
出版信息: 北京   科学出版社  2012.07
页数: 347页
开本: 26cm
丛书名: 应用型本科高等院校“十二五”规划教材
单 册:
中图分类: O61 , O65
科图分类:
主题词: 无机化学--教材--高等学校 , 分析化学--教材--高等学校
电子资源:
ISBN: 978-7-03-035191-3
000 01151nam0 2200289 450
001 96
005 20160905091217.95
010    @a978-7-03-035191-3@dCNY45.00
100    @a20120813d2012 em y0chiy50 ea
101 0  @achi
102    @aCN@b110000
105    @aa z 000yy
200 1  @a无机及分析化学@9wu ji ji fen xi hua xue@f陈德余,张胜建主编
210    @a北京@c科学出版社@d2012.07
215    @a347页@c图@d26cm
225 2  @a应用型本科高等院校“十二五”规划教材@9ying yong xing ben ke gao deng yuan xiao shi er wu gui hua jiao cai
330    @a本书共11章,包括化学基本原理、物质结构、四大化学平衡(酸碱平衡、沉淀溶解平衡、氧化还原平衡、配位解离平衡)及相关的四大滴定、定量分析基础、常用仪器分析、重要元素化学等内容。
333    @a应用型本科高等学校化工、制药工程、材料、环境、生物、高分子、食品等专业师生
461  0 @12001 @a应用型本科高等院校“十二五”规划教材
606 0  @a无机化学@j教材@x高等学校
606 0  @a分析化学@j教材@x高等学校
690    @aO61@v4
690    @aO65@v4
701  0 @a陈德余@9chen de yu@4主编
701  0 @a张胜建@9zhang sheng jian@4主编
801  0 @aCN@b唐山师范学院图书馆@c20160720
905    @aZUCC@dO61@e166
    
    无机及分析化学/陈德余,张胜建主编.-北京:科学出版社,2012.07
    347页:图;26cm.-(应用型本科高等院校“十二五”规划教材)
    使用对象:应用型本科高等学校化工、制药工程、材料、环境、生物、高分子、食品等专业师生
    
    ISBN 978-7-03-035191-3:CNY45.00
    本书共11章,包括化学基本原理、物质结构、四大化学平衡(酸碱平衡、沉淀溶解平衡、氧化还原平衡、配位解离平衡)及相关的四大滴定、定量分析基础、常用仪器分析、重要元素化学等内容。
●
相关链接 在E读中查询图书 在五车中查询图书 在当当中查询图书 在豆瓣中查询图书


正题名:无机及分析化学     索取号:O61/166         预约/预借

序号 登录号 条形码 馆藏地/架位号 状态 备注
1 900396   209003969   第二样本阅览室/ [索取号:O61/166] 在馆    
2 900397   209003978   第三借阅区/ [索取号:O61/166] 在馆    
3 900398   209003987   化学系资料室/ [索取号:O61/166] 在馆    
4 900399   209003996   第三借阅区/ [索取号:O61/166] 已借出,限还日期为2023.09.18
借出人:耿风华  
 
唐山师范学院图书馆 欢迎您!
大连网信软件有限公司© 版权所有